| 000 | 003400000a22001450004500 | ||
|---|---|---|---|
| 003 | MACL | ||
| 040 | _aMACL | ||
| 090 |
_c33559 _d33557 |
||
| 100 | _aRamesh Publishing House | ||
| 245 | _aAll India Institute of Medical Science AIIMS | ||
| 260 | _bRamesh Publishing House | ||
| 350 | _a75 | ||
| 650 | _aMedical Science | ||
| 942 |
_cBOOK _k610 |
||
| 999 |
_c33208 _d33208 |
||